<?xml version="1.0" encoding="UTF-8"?>
<record
    xmlns:xsi="http://www.w3.org/2001/XMLSchema-instance"
    xsi:schemaLocation="http://www.loc.gov/MARC21/slim http://www.loc.gov/standards/marcxml/schema/MARC21slim.xsd"
    xmlns="http://www.loc.gov/MARC21/slim">

  <leader>02634nam a22003857i 4500</leader>
  <controlfield tag="001">B-12209</controlfield>
  <controlfield tag="003">CO-BoFNCP</controlfield>
  <controlfield tag="007">t|| </controlfield>
  <controlfield tag="008">090820s2009    ck     r           spa d </controlfield>
  <datafield tag="040" ind1=" " ind2=" ">
    <subfield code="a">CO-BoFNCP</subfield>
    <subfield code="b">spa</subfield>
    <subfield code="c">CO-BoFNCP</subfield>
    <subfield code="e">rda</subfield>
  </datafield>
  <datafield tag="041" ind1=" " ind2=" ">
    <subfield code="a">spa</subfield>
  </datafield>
  <datafield tag="043" ind1=" " ind2=" ">
    <subfield code="a">ck</subfield>
  </datafield>
  <datafield tag="084" ind1=" " ind2=" ">
    <subfield code="a">A-</subfield>
  </datafield>
  <datafield tag="100" ind1="1" ind2=" ">
    <subfield code="a">V&#xE9;lez, Diana C.</subfield>
    <subfield code="9">41333,</subfield>
    <subfield code="e">autor.</subfield>
    <subfield code="4">aut</subfield>
  </datafield>
  <datafield tag="245" ind1="1" ind2="0">
    <subfield code="a">Comportamiento de cuatro materiales de palma de aceite frente a la pudrici&#xF3;n del cogollo (PC), en Tumaco - Nari&#xF1;o.</subfield>
  </datafield>
  <datafield tag="264" ind1=" " ind2="1">
    <subfield code="a">Palmira :</subfield>
    <subfield code="b">Ascolfi,</subfield>
    <subfield code="c">2009.</subfield>
  </datafield>
  <datafield tag="300" ind1=" " ind2=" ">
    <subfield code="a">p&#xE1;ginas 51-55 :</subfield>
    <subfield code="b">Tablas, gr&#xE1;ficos, fotograf&#xED;as.</subfield>
  </datafield>
  <datafield tag="336" ind1=" " ind2=" ">
    <subfield code="a">texto</subfield>
    <subfield code="b">txt</subfield>
    <subfield code="2">rdacontent</subfield>
  </datafield>
  <datafield tag="337" ind1=" " ind2=" ">
    <subfield code="a">sin mediaci&#xF3;n</subfield>
    <subfield code="b">n</subfield>
    <subfield code="2">rdamedia</subfield>
  </datafield>
  <datafield tag="338" ind1=" " ind2=" ">
    <subfield code="a">volumen</subfield>
    <subfield code="b">nc</subfield>
    <subfield code="2">rdacarrier</subfield>
  </datafield>
  <datafield tag="504" ind1=" " ind2=" ">
    <subfield code="a">Incluye referencias bibliogr&#xE1;ficas.</subfield>
  </datafield>
  <datafield tag="520" ind1=" " ind2=" ">
    <subfield code="a">Se evaluaron cuatro materiales de palma de aceite por su comportamiento frente a la pudrici&#xF3;n del cogollo en Tumaco, Nari&#xF1;o, zona palmera Colombiana en la cual la enfermedad se ha presentado con caracter&#xED;sticas epid&#xE9;micas en los &#xFA;ltimos cuatro a&#xF1;os, ocasionando serios problemas econ&#xF3;micos y sociales. La evaluaci&#xF3;n incluyo materiales Elaeis guineensis y del h&#xED;brido E. ole&#xED;fera por E. guineensis. En los materiales E. guineensis la enfermedad se comenz&#xF3; a presentar m&#xE1;s r&#xE1;pidamente y con mayor severidad que en los h&#xED;bridos OxG (Coari x La M&#xE9;). La mayor susceptibilidad se expres&#xF3;, finalizadas las observaciones durante el primer per&#xED;odo despu&#xE9;s de la siembra, en que las incidencias en E. guineensis fueron superiores al 77,5%, comparados con solo 12,5% de casos en los h&#xED;bridos O x G. Adem&#xE1;s de los distintos valores en incidencia, fue muy notoria la diferencia en la severidad de la enfermedad entre los diferentes materiales evaluados. En el segundo per&#xED;odo, con la implementaci&#xF3;n del manejo recomendado por Cenipalma, la velocidad de avance de la enfermedad se redujo en los materiales evaluados, excepto en Deli x Ghana. Los resultados del estudio generan la posibilidad de que, con el uso de materiales m&#xE1;s tolerantes a la enfermedad y las pr&#xE1;cticas de manejo, se pueda continuar con la producci&#xF3;n de palma de aceite en Colombia.</subfield>
  </datafield>
  <datafield tag="650" ind1=" " ind2="0">
    <subfield code="a">Pudrici&#xF3;n del cogollo</subfield>
    <subfield code="9">30852.</subfield>
  </datafield>
  <datafield tag="650" ind1=" " ind2="0">
    <subfield code="a">Palma de aceite</subfield>
    <subfield code="9">37678.</subfield>
  </datafield>
  <datafield tag="700" ind1="1" ind2=" ">
    <subfield code="a">Aya, H&#xE9;ctor A. </subfield>
    <subfield code="9">41328.</subfield>
  </datafield>
  <datafield tag="700" ind1="1" ind2=" ">
    <subfield code="a">Mart&#xED;nez L., Gerardo</subfield>
    <subfield code="9">33358.</subfield>
  </datafield>
  <datafield tag="700" ind1="1" ind2=" ">
    <subfield code="a">Nore&#xF1;a, Cristi&#xE1;n  </subfield>
    <subfield code="9">44277.</subfield>
  </datafield>
  <datafield tag="700" ind1="1" ind2=" ">
    <subfield code="a">Sarria, Greicy A. </subfield>
    <subfield code="9">41330.</subfield>
  </datafield>
  <datafield tag="700" ind1="1" ind2=" ">
    <subfield code="a">Torres, Gabriel A.  </subfield>
    <subfield code="9">41331.</subfield>
  </datafield>
  <datafield tag="700" ind1="1" ind2=" ">
    <subfield code="a">Var&#xF3;n, Francia</subfield>
    <subfield code="9">41332.</subfield>
  </datafield>
  <datafield tag="773" ind1="0" ind2=" ">
    <subfield code="a">Fitopatolog&#xED;a Colombiana</subfield>
    <subfield code="g">v. 32, no. 2 (Febrero 2009), p.51-55</subfield>
    <subfield code="w">A-</subfield>
    <subfield code="x">0120-0143</subfield>
  </datafield>
  <datafield tag="942" ind1=" " ind2=" ">
    <subfield code="2">z</subfield>
    <subfield code="c">1</subfield>
  </datafield>
  <datafield tag="952" ind1=" " ind2=" ">
    <subfield code="0">0</subfield>
    <subfield code="1">0</subfield>
    <subfield code="2">z</subfield>
    <subfield code="4">0</subfield>
    <subfield code="7">0</subfield>
    <subfield code="a">2</subfield>
    <subfield code="b">2</subfield>
    <subfield code="d">2013-10-21</subfield>
    <subfield code="h">Fitopatolog&#xED;a Colombiana. v. 32, no. 2 (Febrero 2009),  p.51-55. ST-A-, ISSN: 0120-0143</subfield>
    <subfield code="l">0</subfield>
    <subfield code="o">A-</subfield>
    <subfield code="p">R-12209</subfield>
    <subfield code="r">2013-10-21 00:00:00</subfield>
    <subfield code="t">Ej. 1</subfield>
    <subfield code="w">2013-10-21</subfield>
    <subfield code="y">1</subfield>
  </datafield>
  <datafield tag="999" ind1=" " ind2=" ">
    <subfield code="c">26557</subfield>
    <subfield code="d">26557</subfield>
  </datafield>
  <datafield tag="999" ind1=" " ind2=" ">
    <subfield code="z">1</subfield>
  </datafield>
</record>
